[Event "Heinola Suomi 100 ottelu Vierumaki"]
[Site "Heinola"]
[Date "2017.11.18"]
[Round "3"]
[White "Sergeev, Alexey"]
[Black "Parkkinen, Jyrki"]
[Result "0-1"]
[WhiteElo "2002"]
[BlackElo "2116"]
[PlyCount "64"]
[EventDate "2017.11.17"]
[EventType "swiss"]
[EventRounds "3"]
[EventCountry "FIN"]
[SourceTitle "EXT 2022"]
[Source "ChessBase"]
[SourceDate "2021.10.06"]
[SourceVersion "1"]
[SourceVersionDate "2021.10.06"]
[SourceQuality "1"]

1. e4 c5 2. Nf3 g6 3. c4 Nc6 4. Nc3 Bg7 5. g3 e6 6. Bg2 Nge7 7. 0-0 0-0 8. Rb1 d5 9. d3 dxe4 10. dxe4 b6 11. Qe2 Bb7 12. e5 Qb8 13. Bg5 h6 14. Bf6 Bxf6 15. exf6 Nf5 16. Nd2 Ncd4 17. Qg4 Bxg2 18. Kxg2 Qe5 19. Nce4 Nd6 20. Nxd6 Qxd6 21. Qh4 Nf5 22. Qf4 e5 23. Qe4 Qxd2 24. Rbd1 Qg5 25. g4 Rad8 26. Rd5 Rxd5 27. cxd5 Nd6 28. Qa4 e4 29. Qd7 Qxf6 30. h3 Qf3+ 31. Kh2 e3 32. Kg1 e2 0-1

[Event "EU-ch Seniors 50 16th"]
[Site "Yerevan"]
[Date "2016.06.06"]
[Round "2"]
[White "Sergeev, Alexey"]
[Black "Vaganian, Rafael A"]
[Result "0-1"]
[WhiteElo "1992"]
[BlackElo "2577"]
[PlyCount "76"]
[EventDate "2016.06.05"]
[EventType "swiss"]
[EventRounds "9"]
[EventCountry "ARM"]
[SourceTitle "CBM 172 Extra"]
[Source "ChessBase"]
[SourceDate "2016.06.21"]
[SourceVersion "1"]
[SourceVersionDate "2016.06.21"]
[SourceQuality "1"]

1. e4 Nf6 2. e5 Nd5 3. Nc3 Nxc3 4. dxc3 Nc6 5. Nf3 d5 6. Bf4 Bg4 7. h3 Bxf3 8. Qxf3 e6 9. Bd3 g6 10. 0-0-0 Bg7 11. Rhe1 0-0 12. h4 Qxh4 13. g4 Qe7 14. Qh3 f5 15. gxf5 exf5 16. Kb1 Qe6 17. Rh1 Kf7 18. Rde1 Rh8 19. Qh4 Rab8 20. Bg5 b5 21. Bh6 Bxh6 22. Qxh6 b4 23. c4 dxc4 24. Bxc4 Qxc4 25. e6+ Kf6 26. b3 Qd5 27. Qh4+ Kg7 28. Qh6+ Kg8 29. Qg5 Qd6 30. e7 Re8 31. Qh4 Rxe7 32. Qc4+ Kg7 33. Rd1 Qf6 34. Rd5 Rhe8 35. c3 Re1+ 36. Rxe1 Rxe1+ 37. Kc2 Qxc3+ 38. Qxc3+ bxc3 0-1

[Event "Petrozavodsk"]
[Site "Petrozavodsk"]
[Date "2010.10.15"]
[Round "8"]
[White "Yachmenev, Mikhail A"]
[Black "Sergeev, Alexey"]
[Result "1-0"]
[WhiteElo "2267"]
[BlackElo "2189"]
[PlyCount "67"]
[EventDate "2010.10.09"]
[EventType "tourn"]
[EventRounds "9"]
[EventCountry "RUS"]
[EventCategory "1"]
[SourceTitle "EXT 2011"]
[Source "ChessBase"]
[SourceDate "2010.11.26"]
[SourceVersion "1"]
[SourceVersionDate "2010.11.26"]
[SourceQuality "1"]

1. e4 c5 2. Nf3 Nc6 3. Bb5 e6 4. 0-0 Nge7 5. Re1 a6 6. Bxc6 Nxc6 7. d4 cxd4 8. Nxd4 d5 9. Nc3 Nxd4 10. Qxd4 dxe4 11. Qxe4 Be7 12. Be3 0-0 13. Na4 f5 14. Qd4 b5 15. Nb6 f4 16. Qxd8 Bxd8 17. Bc5 Bxb6 18. Bxb6 f3 19. g3 Rb8 20. Bd4 Rd8 21. c3 Rb7 22. Re5 Rbd7 23. Rae1 Rd5 24. R1e3 Rxe5 25. Rxe5 Kf7 26. Rg5 g6 27. Rc5 Ke7 28. Rc7+ Bd7 29. Ra7 Kd6 30. Rxa6+ Kd5 31. Bf6 Rf8 32. Be7 Rf5 33. Rd6+ Kc4 34. Rxd7 1-0

[Event "Petrozavodsk"]
[Site "Petrozavodsk"]
[Date "2010.10.10"]
[Round "2"]
[White "Sergeev, Alexey"]
[Black "Toivonen, Alexander"]
[Result "0-1"]
[WhiteElo "2189"]
[BlackElo "2304"]
[PlyCount "80"]
[EventDate "2010.10.09"]
[EventType "tourn"]
[EventRounds "9"]
[EventCountry "RUS"]
[EventCategory "1"]
[SourceTitle "EXT 2011"]
[Source "ChessBase"]
[SourceDate "2010.11.26"]
[SourceVersion "1"]
[SourceVersionDate "2010.11.26"]
[SourceQuality "1"]

1. e4 e5 2. Nf3 Nf6 3. Nxe5 d6 4. Nf3 Nxe4 5. d4 d5 6. Bd3 Nc6 7. Nbd2 Nxd2 8. Bxd2 Bg4 9. c3 Qf6 10. Qb3 Bxf3 11. gxf3 0-0-0 12. 0-0-0 Qxf3 13. Bb5 Qf6 14. Rhg1 h6 15. Rg4 Na5 16. Qa4 Qb6 17. b3 a6 18. Bf1 Nc6 19. Bg2 g5 20. c4 f5 21. Rg3 Nxd4 22. Bc3 Ne2+ 23. Kc2 Nxc3 24. Rxc3 Bg7 25. c5 Qf6 26. Rdd3 Qc6 27. Rc4 Qxa4 28. Rxa4 c6 29. h4 Rde8 30. Kd2 Be5 31. b4 Kc7 32. Ra5 Bf4+ 33. Kd1 Re5 34. a4 Rhe8 35. Bf3 g4 36. b5 gxf3 37. bxa6 Re1+ 38. Kc2 R8e2+ 39. Kc3 Be5+ 40. Kb3 Rb2+ 0-1

[Event "Petrozavodsk"]
[Site "Petrozavodsk"]
[Date "2010.10.09"]
[Round "1"]
[White "Ivanov, Sergey A"]
[Black "Sergeev, Alexey"]
[Result "1-0"]
[WhiteElo "2329"]
[BlackElo "2189"]
[PlyCount "47"]
[EventDate "2010.10.09"]
[EventType "tourn"]
[EventRounds "9"]
[EventCountry "RUS"]
[EventCategory "1"]
[SourceTitle "EXT 2011"]
[Source "ChessBase"]
[SourceDate "2010.11.26"]
[SourceVersion "1"]
[SourceVersionDate "2010.11.26"]
[SourceQuality "1"]

1. d4 d5 2. Nc3 Nf6 3. Bg5 Bf5 4. f3 h6 5. Bxf6 gxf6 6. e4 dxe4 7. fxe4 Bh7 8. Nf3 Rg8 9. Qd2 e5 10. 0-0-0 Qd6 11. Nb5 Qd7 12. Qc3 Na6 13. dxe5 Bb4 14. Qb3 Qc6 15. a3 Ba5 16. Nd6+ cxd6 17. Bb5 Nc5 18. Bxc6+ bxc6 19. Qc4 Rxg2 20. exd6 Bxe4 21. Qxc5 0-0-0 22. Rhf1 Bb6 23. Qc4 Bd5 24. Rxd5 1-0

[Event "Kemerovo-ch1"]
[Site "Kemerovo"]
[Date "2009.02.15"]
[Round "8"]
[White "Sergeev, Alexey"]
[Black "Everzov, Nikolay I"]
[Result "1-0"]
[WhiteElo "2197"]
[BlackElo "1782"]
[PlyCount "37"]
[EventDate "2009.01.27"]
[EventType "tourn"]
[EventRounds "9"]
[EventCountry "RUS"]
[SourceTitle "EXT 2012"]
[Source "ChessBase"]
[SourceDate "2011.11.24"]
[SourceVersion "1"]
[SourceVersionDate "2011.11.24"]
[SourceQuality "1"]

1. e4 d6 2. d4 Nf6 3. Nc3 h6 4. f4 Bg4 5. Nf3 a6 6. Be3 b5 7. Bd3 e6 8. 0-0 Be7 9. Qe1 Bh5 10. Qg3 Ng4 11. Bd2 0-0 12. e5 dxe5 13. fxe5 Nxh2 14. Nxh2 Bg5 15. Bxg5 hxg5 16. Qf2 f5 17. g4 fxg4 18. Qxf8+ Qxf8 19. Bh7+ 1-0

[Event "Kemerovo-ch1"]
[Site "Kemerovo"]
[Date "2009.02.08"]
[Round "6"]
[White "Sergeev, Alexey"]
[Black "Glazyrin, Sergey V"]
[Result "1/2-1/2"]
[WhiteElo "2197"]
[BlackElo "1942"]
[PlyCount "128"]
[EventDate "2009.01.27"]
[EventType "tourn"]
[EventRounds "9"]
[EventCountry "RUS"]
[SourceTitle "EXT 2012"]
[Source "ChessBase"]
[SourceDate "2011.11.24"]
[SourceVersion "1"]
[SourceVersionDate "2011.11.24"]
[SourceQuality "1"]

1. e4 e5 2. Nf3 Nc6 3. Bb5 a6 4. Ba4 f5 5. d4 exd4 6. Bxc6 dxc6 7. exf5 Bxf5 8. 0-0 Qd7 9. Qxd4 Qxd4 10. Nxd4 Bd7 11. Bf4 0-0-0 12. Nd2 Nf6 13. Bg5 c5 14. N4b3 b6 15. c4 Bd6 16. Rae1 Rde8 17. Nf3 Bc6 18. Bh4 Nh5 19. Bg5 Rhf8 20. Nbd2 Nf4 21. Re3 h6 22. Rxe8+ Rxe8 23. Bxf4 Bxf4 24. g3 Bd6 25. Nh4 Re2 26. Rd1 Bd7 27. Kf1 Re8 28. Kg1 g5 29. Ng2 Be5 30. b3 Bg4 31. Re1 Kd7 32. h4 Bf5 33. hxg5 hxg5 34. Ne3 Bd4 35. Rd1 Ke6 36. g4 Bg6 37. Nd5 Be5 38. Nf3 Bf4 39. Nxg5+ Bxg5 40. Nxc7+ Kf7 41. Nxe8 Kxe8 42. Rd6 Bb1 43. a4 Bd8 44. f4 Bc2 45. Re6+ Kf7 46. Rh6 Bxb3 47. Rh7+ Kg6 48. Rd7 Bf6 49. Rd6 Kf7 50. Rxb6 Bd4+ 51. Kg2 Bxc4 52. Kg3 Bd3 53. Rc6 c4 54. Rd6 Bc5 55. Rc6 Bb4 56. f5 c3 57. Kf4 c2 58. Ke3 Ba3 59. Kxd3 c1Q 60. Rxc1 Bxc1 61. Kc4 Be3 62. a5 Bd2 63. Kc5 Bxa5 64. g5 Ke7 1/2-1/2

[Event "Kemerovo-ch1"]
[Site "Kemerovo"]
[Date "2009.02.01"]
[Round "4"]
[White "Sergeev, Alexey"]
[Black "Vaulin, Alexander P"]
[Result "1-0"]
[WhiteElo "2197"]
[BlackElo "1700"]
[PlyCount "49"]
[EventDate "2009.01.27"]
[EventType "tourn"]
[EventRounds "9"]
[EventCountry "RUS"]
[SourceTitle "EXT 2012"]
[Source "ChessBase"]
[SourceDate "2011.11.24"]
[SourceVersion "1"]
[SourceVersionDate "2011.11.24"]
[SourceQuality "1"]

1. e4 c6 2. Nc3 d5 3. Qf3 dxe4 4. Nxe4 Nd7 5. d4 Ngf6 6. Bg5 Nxe4 7. Qxe4 h6 8. Bh4 g5 9. Bg3 Qb6 10. 0-0-0 Nf6 11. Qe5 Bg7 12. Re1 Be6 13. Nf3 Rd8 14. c3 0-0 15. Bd3 Rd5 16. Qc7 Qxc7 17. Bxc7 Rd7 18. Ba5 Bxa2 19. c4 Bb3 20. Nd2 Rxd4 21. Re3 Ba2 22. Kc2 b6 23. Bc3 Rg4 24. g3 Nh5 25. h3 1-0

[Event "Kemerovo-ch1"]
[Site "Kemerovo"]
[Date "2009.01.28"]
[Round "2"]
[White "Tarasov, Andrey V"]
[Black "Sergeev, Alexey"]
[Result "0-1"]
[WhiteElo "1774"]
[BlackElo "2197"]
[PlyCount "54"]
[EventDate "2009.01.27"]
[EventType "tourn"]
[EventRounds "9"]
[EventCountry "RUS"]
[SourceTitle "EXT 2012"]
[Source "ChessBase"]
[SourceDate "2011.11.24"]
[SourceVersion "1"]
[SourceVersionDate "2011.11.24"]
[SourceQuality "1"]

1. c4 c5 2. Nc3 Nf6 3. g3 e6 4. Bg2 Be7 5. e3 a6 6. Nge2 d6 7. 0-0 0-0 8. d4 Nbd7 9. Ne4 Qc7 10. Nxf6+ Bxf6 11. b3 Rb8 12. Bb2 b5 13. cxb5 axb5 14. Rb1 c4 15. bxc4 bxc4 16. Ba1 Bb7 17. d5 Bxa1 18. Rxa1 Bxd5 19. Bxd5 exd5 20. Qxd5 Ne5 21. Rad1 Nd3 22. Nc3 Rb2 23. Rxd3 cxd3 24. Qxd3 Rc8 25. Ne4 Qc2 26. Rd1 f5 27. Nxd6 Qxf2+ 0-1

[Event "Zhukovsky Naukograd Rating-A"]
[Site "Zhukovsky"]
[Date "2007.??.??"]
[Round "11"]
[White "Rybakov, Sergey1111"]
[Black "Sergeev, Alexey"]
[Result "1/2-1/2"]
[WhiteElo "2123"]
[BlackElo "2228"]
[PlyCount "42"]
[EventDate "2007.04.01"]
[EventType "tourn"]
[EventRounds "11"]
[EventCountry "RUS"]
[SourceTitle "EXT 2022"]
[Source "ChessBase"]
[SourceDate "2021.10.06"]
[SourceVersion "1"]
[SourceVersionDate "2021.10.06"]
[SourceQuality "1"]

1. g3 Nf6 2. Bg2 c5 3. Nf3 d6 4. d3 Nc6 5. e4 e6 6. 0-0 Be7 7. Nbd2 Qc7 8. c3 0-0 9. Re1 b5 10. a4 bxa4 11. e5 dxe5 12. Nxe5 Bb7 13. Nxc6 Bxc6 14. Bxc6 Qxc6 15. Qxa4 Qd5 16. Qc4 Rfd8 17. Qxd5 Rxd5 18. Nc4 Rxd3 19. Nb6 Rb8 20. Rxa7 Rxb6 21. Rxe7 Rd7 1/2-1/2

[Event "Zhukovsky Naukograd Rating-A"]
[Site "Zhukovsky"]
[Date "2007.??.??"]
[Round "4"]
[White "Sergeev, Alexey"]
[Black "Vdovin, Dmitry"]
[Result "0-1"]
[WhiteElo "2228"]
[BlackElo "2328"]
[PlyCount "88"]
[EventDate "2007.04.01"]
[EventType "tourn"]
[EventRounds "11"]
[EventCountry "RUS"]
[SourceTitle "EXT 2022"]
[Source "ChessBase"]
[SourceDate "2021.10.06"]
[SourceVersion "1"]
[SourceVersionDate "2021.10.06"]
[SourceQuality "1"]

1. Nf3 d5 2. c4 c6 3. b3 Nf6 4. e3 g6 5. Bb2 Bg7 6. Be2 0-0 7. 0-0 dxc4 8. bxc4 c5 9. Qc2 Nc6 10. a3 Re8 11. Ne5 Bf5 12. d3 Qd6 13. f4 Rad8 14. Rd1 Qe6 15. e4 Bg4 16. Nxc6 Qxc6 17. Nc3 Qd7 18. Nd5 Nxd5 19. cxd5 Bxb2 20. Qxb2 Bxe2 21. Qxe2 e6 22. dxe6 Qd4+ 23. Qf2 Rxe6 24. Rac1 Rxe4 25. Rxc5 Rxf4 26. Qxd4 Rfxd4 27. Rc3 R8d7 28. g3 f5 29. Kf2 Kf7 30. Ke3 Kf6 31. Rc5 h5 32. h4 Rg4 33. Kf3 f4 34. gxf4 Rxh4 35. d4 Rh3+ 36. Ke4 Rxa3 37. f5 Re7+ 38. Re5 gxf5+ 39. Kf4 Rxe5 40. dxe5+ Ke7 41. Rg1 h4 42. Kxf5 Rf3+ 43. Ke4 Rf7 44. Kd5 h3 0-1